| 000 | 00875nam a2200265Ia 4500 | ||
|---|---|---|---|
| 008 | 160319s9999 xx 000 0 und d | ||
| 245 | _aHistory through literature: | ||
| 245 | _brenaissance & reformation / | ||
| 245 | _cDiscovery Channel ; Discovery Channel Education. | ||
| 260 | _bDiscovery Communications, Inc., | ||
| 260 | _c2005 | ||
| 300 | _a1 VCD-video (approximately 26 min.) : | ||
| 300 | _bdigital, sound, color ; | ||
| 300 | _c4 3/4 in. | ||
| 500 | _aDistributed in the Philippines by MagnaVision Incorporated. | ||
| 650 | _aEuropean literature -- | ||
| 650 | _aLiterature -- | ||
| 650 | _aLiterature, Modern. | ||
| 650 | _aLiterature. | ||
| 650 | _xCollections. | ||
| 650 | _xRenaissance, -- 1450-1600. | ||
| 700 | _aDiscovery Channel (Firm). | ||
| 700 | _aDiscovery Channel School., corporate. | ||
| 700 | _aMagnavision Home Video. | ||
| 999 |
_c292412 _d292412 |
||